000 009150am a2200241 004500
003 EG-GiCUC
008 070207s1994 ua g 000 0 ara d
017 _a94 / 4455
_bمصر.دار الكتب
020 _a9772231786
040 _aEG-GiCUC
_bara
_cEG-GiCUC
092 0 4 _a378.1553
_bS2714
_221
099 _a04
_a378.1553 S2714
100 1 _aالصاوى : على
245 1 0 _aماذا يعنى خريج علوم سياسية؟ :
_bدراسة ميدانية لاتجاهات ادارة المستقبل المهنى لدى عينة من الخريجين والطلاب /
_cعلى الصاوى
250 _aط1
260 _aالقاهرة :
_bمركز البحوث و الدراسات السياسية :
_c1994
300 _a211ص ؛
_c24سم
650 7 _aالطلبة الخريجون
_2qrmak
902 _a1
905 _aبلتاجى
_eمراجع
905 _aرضا
_eمدخل
942 _2ddc
_cBK
999 _c92083
_d92083